1971 1944 1667 1467 1986 1411 1729 1263 1947 1233 1778 1896 1931 1927 1458 1513 1489 1466 1950 1424 1269 1694 1605 1415 1162 1355 1330 1115 1194 1473 1620 1080 1443 1264 1480 1328 1523 1747 1980 1679 1811 1081 1284 1400 1238 1130 1860 1967 1758 1696 1920 1987 1045 1570 1895 1166 1282 1846 1444 1044 1118 1540 1385 1281 1738 1380 1001 1099 1098 1072 1919 1699 1487 1768 1790 1613 1987 1887 1660 1513 1146 1054 1259 1195 1825 1352 1507 1945 1596 1925 1524 1293 1690 1881 1349 1747 1287 1643 1957 BCNSPRNW ULIB Ver.6.0+V

เปลี่ยนเป็นภาษาไทย

Change to English
 แสดงรายละเอียดบรรณานุกรม
  กลับหน้าหลัก

Brief Record : Get Marc (ISO 2709) : E-mail record : QR code < ปิดหน้าต่าง
LEADER : 00000nam 2200000uu 4500
001    13399127746
003     ULIB
008    210518s2557||||th 000 0 tha d
020    ู^a9786163692412
050    ^aนว^bซ119ม^cล.6
100    ^aซ็อลบง
245    ^aมหากาพย์เทพมรณะ เล่ม 6
250    ^aพิมพ์ครั้งที่ 1
260    ^aกรุงเทพฯ :^bสยามอินเตอร์บุ๊คส์,^c2557
300    ^a223 หน้า;^b21 ซม.
650    ^aนวนิยาย
945    ^p200^l0^i008057
999    ^aประนอม เกษจรัล
รายการนี้ยังไม่มีแท็ก
คุณยังไม่ได้ล็อกอิน คุณสามารถมีกิจกรรมร่วมกับเว็บไซต์ได้ แต่ต้องล็อกอินก่อน ::
  ล็อกอิน

รายการสื่อสารสนเทศ

ลำดับที่ ประเภท เลขเรียก/บาร์โค้ด สถานที่ สถานะ
1. นวนิยาย
นวนิยาย
นว ซ119ม ล.6 ฉ.1 
  Barcode: 008057
ห้องสมุดวิทยาเขตนครสวรรค์
►นวนิยาย:l:Fiction
บนชั้น
Note:บริจาค

รายการใกล้เคียง
    ผู้แต่ง [ซ็อลบง]

    หัวเรื่อง [นวนิยาย]

BibComment


ยังไม่เคยถูกคอมเมนท์

คอมเมนท์ทรัพยากรรายการนี้
  คอมเมนท์: มหากาพย์เทพมรณะ ..


 Copyright 2026. Bcnsprnw @Library